| 000 | 00367cam a2200145ua 4500 | ||
|---|---|---|---|
| 041 |
_aeng _h |
||
| 082 |
_a828.09 _bCOL/BI |
||
| 100 | _aColeridge, S T . | ||
| 245 |
_aBiographia literia vol-2 / _cS T Coleridge. _hTextual Documents |
||
| 260 |
_aLondon : _bOxford University Press , _c1962. |
||
| 300 | _a334 ; . | ||
| 504 | _a | ||
| 942 | _cBK | ||
| 999 |
_c4917 _d4917 |
||